000 01434cam a2200157 4500500
005 20260322002204.0
041 _afre
042 _adc
100 1 0 _aArnould, Paul
_eauthor
245 0 0 _aOlivier Lazzarotti, Vivent les vacances! Tourisme et chansons
260 _c2023.
500 _a58
520 _a‪Serguei Tchakhotin’s major work is regularly republished and cited in academic bibliographies. Even if his approach is contested, deemed too biological or exaggerating the power of persuasion of the media, the thesis he defends is nonetheless a milestone. In this book, he offers a panorama combining the possible contribution of I. Pavlov’s work on the conditioning of the brain and the manipulation of impulses, a historical presentation of the totalitarian propaganda of the 1930s, and an analysis of his personal political commitments in the service of socialism. and against Nazism. The purpose of our article is to expose the tumultuous life of this atypical researcher, crossing biological sciences and historical and political sciences, to present in detail his main demonstrations, while returning to the critical reception of the second edition, largely revised and expanded in the early 1950s.‪
786 0 _nQuestions de communication | o 42 | 2 | 2023-03-13 | p. 510-512 | 1633-5961
856 4 1 _uhttps://shs.cairn.info/journal-questions-de-communication-2022-2-page-510?lang=en&redirect-ssocas=7080
999 _c1721173
_d1721173